| 000 | 00444nam a22001337a 4500 | ||
|---|---|---|---|
| 999 |
_c527221 _d527221 |
||
| 008 | 240814b ||||| |||| 00| 0 eng d | ||
| 100 |
_aMoorthy, N. Sathiya _956523 |
||
| 245 | _a People-centric, not personality-driven: India’s neighborhood approach in IOR | ||
| 260 | _aForeign Affairs journal | ||
| 300 | _a18(3-4), Jul-Dec, 2023: p.193-208 | ||
| 773 | _aForeign Affairs journal | ||
| 906 | _aINTERNATIONAL RELATIONS | ||
| 942 | _cAR | ||